01214nam a2200157 a 4500008004100000020001800041041000800059100001900067245003400086250003700120260004000157300002200197500007700219505074500296655001501041190917t2009 ag |||g |||| 001 0 spa d a9789876122108 aspa1 aHopkins, Cathy aPijama party /cCathy Hopkins a1a ed.bTraducción Nora Escoms aBuenos Aires:bV&R editoras;c2009. a144 p.c21x14 cm. aHopkins, C. (2009). Pijama party. (1a ed.). Buenos Aires : V&R editoras. aTJ está teniendo un año difícil. Se siente sola y no sabe cómo relacionarse con los chicos, que la tratan como un amigo más. Scott, el vecino que tanto le gusta, parecer tener ojos para todas...menos para ella, que cultiva un look muy deportivo y poco sensual. TJ siente que su única salida es comprarse una mascota. Cuando se hace amiga de Lucy las cosas empiezan a cambiar. Sin embargo, tampoco le resulta sencillo integrarse al nuevo grupo, donde están Izzie y Nesta. Pero una noche, TJ ingresa al mundo del pijama party y comienza a compartir secretos, consejos y la posibilidad de una gran transformación. ¿Podrán sus nuevas amigas ayudarla descubrir su belleza, su potencial y a enamorar al chico de sus sueños?  aLiteratura